000 00766cam2a220020500 4500
001 qcf00315369
005 20190816105257.0
008 780605s1961 be 000 0 fre u
035 _a(Sirsi) r47649
035 _a(QCAT)lss01984321
035 _a(UPRA)qcf00315369
040 _dUPRA
100 1 _aRodegem, F. M.
_6A5732.1
245 1 0 _aSagesse Kirundi :
_bproverbes, dictons, locutions usites au Burundi /
_cRecueillis par F.M. Rodegem ; accentuation de Bapfutwabo Jean.
260 _aTervuren :
_bCommission de Linguistique AFricaine,
_c1961.
490 0 _aAnnales du Musee Royal du Congo Belge. Serie in 8' Sciences de l'Homme, v. 34
_6S2316.1
650 0 _aProverbs, Rundi.
_6S4137.1
949 _aDT641.M8
_wlcc
_i-59293
_mMAIN
_tBOOK
_lON-SHELF
004 47649
999 _c89555
_d89555